000 01877nam a22002657a 4500
005 20260507133625.0
008 260507b |||||||| |||| 00| 0 eng d
022 _a0261-1929
040 _aMMSU
_cULS
210 _aATLA
222 _aAlternatives to Laboratory Animals
245 _aATLA :
_bAlternatives to Laboratory Animals
260 _aLondon:
_bSage Publications,
_c2025-
300 _avolumes ;
_c28 cm.
310 _aSix times a year.
362 _aVolume 53, Number 1 (January 2025- )
500 _aATLA is a peer-reviewed journal, intended to cover all aspects of the development, validation, implementation and use of alternatives to laboratory animals in biomedical research and toxicity testing. In addition to the replacement of animals, it also covers work that aims to reduce the number of animals used and refine the in vivo
505 _tThe Use of an In Chemico Digestibility Assay to Reduce the In Vivo Fish Bioaccumulation Testing of Nanomaterials (pp. 11–20) /
_rCraig McHardy, Nathaniel J. Clark, and Richard D. Handy
505 _tChemicals 2.0 and Why We Need to Bypass the Gold Standard in Regulatory Toxicology (pp. 21–25)/
_rAndrew P. Worth, Elisabet Berggren, and Pilar Prieto
505 _tThe Use of MPS in Three Rs and Regulatory Applications: Perspectives From Developers on Stakeholder Responsibilities (pp. 26–41) /
_rMegan R. LaFollette, Szczepan W. Baran, and Clive S. Roper
505 _tReport of the First ONTOX Hackathon: Hack to Save Lives and Avoid Animal Suffering. The Use of Artificial Intelligence in Toxicology — A Potential Driver for Reducing/Replacing Laboratory Animals in the Future (pp. 42–61) /
_rMichael G. Diemar, Cyrille A.M. Krul, and Erwin L. Roggen
650 _aBiomedical research
_vPeriodicals
650 _aAnimals as alternatives in laboratoies
_vPeriodicals
942 _2lcc
_cSERIALS
999 _c29098
_d29098